Počítačová analýza vícerozměrných dat v příkladech

Enregistré dans:
Détails bibliographiques
Auteur principal: Meloun, Milan
Autres auteurs: Militký, Jiří, Hill, Martin
Format: Livre
Langue:tchèque
Publié: Praha ACADEMIA 2005
Sujets:
Tags: Ajouter un tag
Pas de tags, Soyez le premier à ajouter un tag!

MARC

LEADER 00000nam$a2200000$$$4500
001 0046507
005 20221128134044.7
041 0 |a cze 
044 |a CZ 
245 1 0 |a Počítačová analýza vícerozměrných dat v příkladech  |c Milan Meloun, Jiří Militký, Martin Hill 
264 1 |a Praha  |b ACADEMIA  |c 2005 
300 |a CD-ROM 
610 2 0 |a analýza štatistická 
610 2 0 |a metódy štatistické 
610 2 0 |a dáta 
610 2 0 |a analýza faktorová 
610 2 0 |a korelácia 
610 2 0 |a regresia 
610 2 0 |a analýza zhluková 
610 2 0 |a spracovanie dát 
100 1 |a Meloun, Milan 
700 1 |a Militký, Jiří 
700 1 |a Hill, Martin